[Event "Teplice Open 2019"]
[Site "Teplice"]
[Date "2019.06.23"]
[Round "9.35"]
[White "Eden, James"]
[Black "Ehrke, Michael"]
[Result "1-0"]
[WhiteElo "2346"]
[BlackElo "2222"]
[Annotator "NA"]
[PlyCount "57"]
[EventDate "2019.06.15"]
[EventType "swiss"]
[EventCountry "CZE"]
[SourceTitle "playchess.com"]
[Source "ChessBase"]
[SourceQuality "1"]
[TimeControl "40/5400+30:1800+30"]

1. Nf3 {[%emt 0:09:42]} d5 {[%emt 0:00:06]} 2. b3 {[%emt 0:00:32]} Bf5 {[%emt 0:00:50]} 3. Bb2 {[%emt 0:00:23]} e6 {[%emt 0:00:40]} 4. g3 {[%emt 0:00:20]} h6 {[%emt 0:00:39]} 5. Bg2 {[%emt 0:00:22]} Nf6 {[%emt 0:00:26]} 6. O-O {[%emt 0:00:27]} Be7 {[%emt 0:00:24]} 7. d3 {[%emt 0:00:37]} O-O {[%emt 0:00:28]} 8. Nbd2 {[%emt 0:00:45]} Bh7 {[%emt 0:00:47]} 9. e4 {[%emt 0:05:14]} c5 {[%emt 0:02:31]} 10. Ne5 {[%emt 0:07:55]} Nbd7 {[%emt 0:04:29]} 11. f4 {[%emt 0:02:20]} d4 {[%emt 0:15:20]} 12. Nxd7 {[%emt 0:20:16]} Qxd7 {[%emt 0:05:36]} 13. g4 {[%emt 0:00:15]} e5 {[%emt 0:19:19]} 14. f5 {[%emt 0:02:33]} Qd8 {[%emt 0:00:53]} 15. Bc1 {[%emt 0:02:35]} g5 {[%emt 0:07:25]} 16. fxg6 {[%emt 0:02:46]} fxg6 {[%emt 0:02:36]} 17. Nc4 {[%emt 0:01:18]} Nd7 {[%emt 0:01:49]} 18. Bxh6 {[%emt 0:00:57]} Rxf1+ {[%emt 0:00:47]} 19. Qxf1 {[%emt 0:00:18]} g5 {[%emt 0:00:19]} 20. Qf3 {[%emt 0:03:33]} Bg6 {[%emt 0:02:16]} 21. Rf1 {[%emt 0:02:59]} Kh7 {[%emt 0:01:52]} 22. Qh3 {[%emt 0:01:04]} Kg8 {[%emt 0:00:10]} 23. Rf5 {[%emt 0:02:16]} b5 {[%emt 0:10:46]} 24. Nxe5 {[%emt 0:02:04]} Nxe5 {[%emt 0:03:19]} 25. Rxe5 {[%emt 0:00:14]} Qc7 {[%emt 0:07:45]} 26. Rf5 {[%emt 0:05:47]} Bxf5 {[%emt 0:03:54]} 27. exf5 {[%emt 0:00:15]} Rd8 {[%emt 0:00:39]} 28. Qh5 {[%emt 0:00:23]} Qe5 {[%emt 0:00:28]} 29. Bxg5 {[%emt 0:00:17]} 1-0

[Event "Teplice Open 2019"]
[Site "Teplice"]
[Date "2019.06.23"]
[Round "9.36"]
[White "Kratochvil, Karel"]
[Black "Paszewski, Mateusz"]
[Result "0-1"]
[WhiteElo "2143"]
[BlackElo "2346"]
[Annotator "TA"]
[PlyCount "86"]
[EventDate "2019.06.15"]
[EventType "swiss"]
[EventCountry "CZE"]
[SourceTitle "playchess.com"]
[Source "ChessBase"]
[SourceQuality "1"]

{[%evp 12,126,-10,-3,-2,-6,-6,-12,-7,-12,-7,-10,0,-18,-10,-21,-16,-29,-32,-23,-29,-33,-30,-33,-35,-40,-29,-39,-31,-27,-10,-35,-23,-33,-31,-31,-19,-26,-26,-72,-46,-128,-136,-119,-122,-189,-126,-125,-121,-136,-121,-121,-118,-121,-116,-112,-113,-108,-87,-83,-88,-137,-137,-137,-137,-137,-129,-137,-133,-259,-259,-259,-259,-259,-259,-262,-243,-266,-265,-252,-244,-251,-243,-318,-325,-366,-366,-365,-356,-344,-358,-345,-283,-333,-288,-277,-274,-268,-247,-385,-384,-315,-259,-543,-516,-421,-374,-550,-544,-1108,-1099,-1004,-939,-1171,-1144,-981,-789]} 1. e4 c6 2. d4 d5 3. exd5 cxd5 4. Bd3 Nc6 5. c3 Qc7 6. Nf3 Bg4 7. O-O e6 {B13: Caro-Kann: Exchange Variation and Panov-Botvinnik Attack} 8. Re1 Bd6 9. h3 Bh5 $1 {The position is equal.} 10. Nbd2 {[%cal Bb1d2,Bd2f1,Bf1e3,Be3g4,Bg4e5][%mdl 32]} Nge7 (10... Nf6 11. Nf1 O-O 12. Bg5 Rab8 13. Qe2 Rfe8 14. Qe3 Bg6 15. Ne5 Nxe5 16. dxe5 {½-½ (48) Bocharov,I (2534)-Ovetchkin,R (2540) Cheliabinsk 2017}) 11. Nf1 h6 12. b3 O-O 13. Bb2 $146 ({Predecessor:} 13. Bd2) 13... Rfd8 14. Ne3 Rac8 15. Ng4 Bg6 16. Nge5 Bxd3 17. Qxd3 a6 18. Re2 Qa5 19. g3 Na7 20. a4 Qb6 21. b4 Nac6 22. Nxc6 Qxc6 23. Nd2 Rc7 24. Nb3 Nc8 25. Nc5 Nb6 (25... a5 $5) 26. b5 (26. a5 $15 Nc4 27. f4) 26... axb5 $17 27. axb5 Qe8 28. Ra7 (28. Nb3 $17 {keeps fighting.}) 28... Rb8 (28... Bxc5 $19 29. dxc5 Nc4) 29. Ba3 Nc4 30. b6 Rc6 31. Bb4 Rxb6 32. Rea2 g6 33. Na4 Rc6 34. Bxd6 Rxd6 35. Nc5 Rb6 36. Na4 Ra6 37. Nc5 Rxa2 38. Rxa2 b6 39. Ne4 {Threatens to win with Nf6+.} Kg7 40. Ra7 (40. Nd2 $17) 40... Ra8 $19 41. Rxa8 Qxa8 42. Nd2 Qa1+ $1 43. Nf1 Nd6 {Played: Qa1-e1} 0-1

[Event "Teplice Open 2019"]
[Site "Teplice"]
[Date "2019.06.23"]
[Round "9.37"]
[White "Czerw, Dawid"]
[Black "Subramanian, Aditya"]
[Result "1-0"]
[WhiteElo "2317"]
[BlackElo "2167"]
[Annotator "NA"]
[PlyCount "48"]
[EventDate "2019.06.15"]
[EventType "swiss"]
[EventCountry "CZE"]
[SourceTitle "playchess.com"]
[Source "ChessBase"]
[SourceQuality "1"]
[TimeControl "40/5400+30:1800+30"]

1. d4 {[%emt 0:00:00]} d5 {[%emt 0:01:58]} 2. c4 {[%emt 0:00:00]} e6 {[%emt 0:00:03]} 3. Nc3 {[%emt 0:00:00]} a6 {[%emt 0:00:04]} 4. cxd5 {[%emt 0:02:47]} exd5 {[%emt 0:00:06]} 5. Bf4 {[%emt 0:00:48]} Nf6 {[%emt 0:00:30]} 6. e3 {[%emt 0:01:50]} Bd6 {[%emt 0:00:16]} 7. Bg5 {[%emt 0:02:35]} Be6 {[%emt 0:02:31]} 8. Bd3 {[%emt 0:00:50]} Nbd7 {[%emt 0:01:43]} 9. Nge2 {[%emt 0:03:41]} h6 {[%emt 0:01:52]} 10. Bf4 {[%emt 0:02:30]} Qe7 {[%emt 0:00:51]} 11. Bxd6 {[%emt 0:02:08]} Qxd6 {[%emt 0:00:09]} 12. f3 {[%emt 0:01:38]} c5 {[%emt 0:04:23]} 13. O-O {[%emt 0:06:25]} O-O 14. Qd2 {[%emt 0:07:04]} Rac8 {[%emt 0:02:05]} 15. Rfd1 {[%emt 0:08:04]} Rfe8 {[%emt 0:01:10]} 16. Rac1 {[%emt 0:02:52]} cxd4 {[%emt 0:02:40]} 17. Nxd4 {[%emt 0:00:00]} Nc5 {[%emt 0:07:22]} 18. Bb1 {[%emt 0:00:00]} Bd7 {[%emt 0:01:17]} 19. Re1 {[%emt 0:00:00]} Rc7 {[%emt 0:09:39]} 20. Rcd1 {[%emt 0:00:00]} Rec8 {[%emt 0:03:35]} 21. Nde2 {[%emt 0:00:51]} Qe5 {[%emt 0:04:47]} 22. Nf4 {[%emt 0:03:56]} Bc6 {[%emt 0:02:02]} 23. Nfxd5 {[%emt 0:08:55]} Nxd5 {[%emt 0:05:17]} 24. Nxd5 {[%emt 0:00:38]} Rd7 {[%emt 0:02:32]} 1-0